000 00888nam a2200277Ia 4500
003 GCL
008 140319s9999 xx 000 0 ara d
040 _aGCL /
_cGCL
082 0 4 _a613.81
_bب ك
100 1 _aبريان فارد
245 1 0 _aالكحول والصحة /
_cبريان فارد
700 1 _aعمر مصالحة (مترجم)
260 _a[S.N] :
_bغلورى - المركز العالمى للموسوعات
490 _aموسوعة صحة الانسان
_v0
650 0 4 _aالصحة العامة
650 0 4 _aالمشروبات الروحية
650 0 4 _aالبراندى
650 0 4 _aالشامبانيا
650 0 4 _aالوسكى
650 0 4 _aالاثير
650 0 4 _aادمان المشروبات الروحية
650 0 4 _aالكحول
650 0 4 _aالتقطير
650 0 4 _aالتأثير الفسيولوجى
942 _2ddc
_cBK
999 _c55225
_d55225